Guess the superhero by the actor/actress. - Statistics

General Stats
  • This quiz has been taken 67 times
  • The average score is 12 of 15
Answer Stats
Hint Answer % Correct
Robert Downey Jr Iron Man
100%
Ryan Reynolds Dead Pool / Green Lantern
98%
Scarlett Johansson Black Widow
94%
Henry Cavil Superman
92%
Hugh Jackman The Wolverine
91%
Jason Mamoa Aquaman
89%
Gal Gadot Wonder Woman
88%
Ben Affleck Batman / Dare Devil
85%
Chris Pratt Star Lord
83%
Samuel .L .Jackson Nick Fury
82%
Brie Larson Captain Marvel
80%
Zoe Saldana Gamora
72%
Vin Diesel Groot
71%
Grant Gustin The Flash
48%
Melissa Benoist Supergirl
45%
No matching quizzes found
Score Distribution
Percent of People with Each Score
Percentile by Number Answered
Your Score History
You have not taken this quiz